Medical Vocabulary #13 - Statistics

General Stats
  • This quiz has been taken 309 times
  • The average score is 18 of 25
Answer Stats
Hint Answer % Correct
A treatment based on traditional Chinese medicine whereby thin needles are inserted into the skin at specific points on the body. acupuncture
92%
The large artery that emerges from the heart's left ventricle and distributes blood to the body. aorta
92%
A simple sugar found in corn syrup, honey, and many sweet fruits. fructose
92%
An infectious disease transmitted by a tick bite. Lyme disease
92%
A cut made into the skin or an organ during surgery. incision
89%
The growth of harmful organisms that can cause disease, such as bacteria, in the body. infection
84%
Electrical impulses generated by the firing of nerve cells in the brain (neurons). brain waves
83%
A clouding or fogging of the lens of the eye that may blur or tint vision. cataract
82%
Small structures within cells that break down nutrients and create energy for cells. Known as the power producers or energy factories of cells. mitochondria
82%
A cable of specialized nerve fibers that transmit visual impulses from the eye to the brain. optic nerve
82%
The large intestine; a muscular tube that is 5 to 6 feet long. It compacts and moves solid waste. colon
81%
A thin tube that is inserted into the body to provide or drain fluids, or to carry tiny surgical instruments and cameras in minimally invasive surgeries. catheter
77%
The transplantation of tissue from one part of the body to another. graft
76%
An infection or irritation of the outer ear, ear canal, or both. Colloquially called “swimmer’s ear.” external otitis
75%
Bleeding from a damaged blood vessel. hemorrhage
74%
Nearsightedness. An optical error in which light rays meet and focus before reaching the retina, making objects that are far away appear blurry. myopia
72%
A test that gives moving images of the inside of the body. fluoroscopy
71%
Difficulty chewing and swallowing food. (Common after a stroke.) dysphagia
67%
Difficulty speaking or comprehending language; a common occurrence after a stroke affecting the left hemisphere of the brain, where language is processed. aphasia
61%
Treatment in which a surgeon implants seeds or pellets of radioactive material in the body to destroy cancer cells. brachytherapy
59%
Belching. eructation
56%
Muscle weakness on one side of the body. hemiparesis
54%
Paralysis on one side of the body. hemiplegia
50%
A drug that increases the strength of heart muscle contractions. digitalis
42%
Coughing up or spitting up blood from the lungs. hemoptysis
42%
No matching quizzes found
Score Distribution
Percent of People with Each Score
Percentile by Number Answered
Your Score History
You have not taken this quiz